000 00504nam a2200181Ia 4500
003 GCL
008 140319s9999 xx 000 0 ara d
040 _aGCL /
_cGCL
082 0 4 _aط
_b813.01
_bع ن
100 1 _aعصمت المسلمانى
245 1 0 _aنهاية مشاجرة /
_cعصمت المسلمانى
300 _a16 ص
490 _aاجمل الحكايات
_v0
650 0 4 _aالقصص العربية
650 0 4 _aالاطفال
650 0 4 _aقصص الاطفال
942 _2ddc
_cBK
999 _c51264
_d51264